000 00408nam a22001697a 4500
003 CEME
005 20210628201942.0
008 210415b xxu||||| |||| 00| 0 eng d
020 _a07-0-94111-4
040 _c.
082 _a629.8312 PRI'M
100 _aPrine, H. A
_957570
245 _aModern concepts in control thoery
260 _aNEWYORK
_bMCGRAW HILL
_c1969
300 _a202P
942 _cBK
_2ddc
999 _c567839
_d567839